[Event "CFriend AT-2005-0-00400 email"]
[Site "Chessfriend.com"]
[Date "2005.12.08"]
[Round "1"]
[White "Teboul, Rene"]
[Black "Zhdanenia, Konstantin"]
[Result "1-0"]
[WhiteElo "2244"]
[BlackElo "2030"]
[PlyCount "33"]
[EventDate "2005.??.??"]
[EventType "tourn (corr)"]
[EventRounds "2"]
[SourceTitle "Corr 2024"]
[Source "ChessBase"]
[SourceDate "2023.10.19"]
[SourceVersion "1"]
[SourceVersionDate "2023.10.19"]
[SourceQuality "1"]

1. d4 Nf6 2. c4 e6 3. Nc3 Bb4 4. Nf3 b6 5. Bg5 Bb7 6. e3 h6 7. Bh4 c5 8. Bd3 d6 9. 0-0 Bxc3 10. bxc3 Nbd7 11. Nd2 Qc7 12. e4 g5 13. Bg3 0-0-0 14. f3 Rdg8 15. a4 Nh5 16. Bf2 Nf4 17. Bc2 1-0

[Event "IECC Swiss-476.4"]
[Site "IECC email"]
[Date "2005.08.28"]
[Round "?"]
[White "Wozniak, Zbigniew"]
[Black "Teboul, Rene"]
[Result "0-1"]
[WhiteElo "1727"]
[BlackElo "2013"]
[PlyCount "64"]
[EventDate "2005.??.??"]
[EventType "swiss (corr)"]
[EventRounds "1"]
[SourceTitle "Corr 2008"]
[Source "ChessBase"]
[SourceDate "2008.06.24"]
[SourceVersion "1"]
[SourceVersionDate "2008.06.24"]
[SourceQuality "1"]

1. e4 c5 2. Nf3 Nc6 3. d4 cxd4 4. Nxd4 Nf6 5. Nc3 e5 6. Ndb5 d6 7. Bg5 a6 8. Na3 b5 9. Bxf6 gxf6 10. Nd5 f5 11. Bd3 Be6 12. 0-0 Bxd5 13. exd5 Ne7 14. c3 Bg7 15. Qh5 e4 16. Bc2 Qa5 17. Nb1 b4 18. Bb3 Qb5 19. Qg5 Rg8 20. Qd2 a5 21. c4 Qc5 22. a3 Rb8 23. Ba4+ Kf8 24. Bb5 Be5 25. axb4 axb4 26. Ra6 Rg6 27. Kh1 f4 28. Re1 f3 29. Rg1 Qc8 30. g4 Nf5 31. Rc6 Qd8 32. g5 Rh6 0-1

[Event "Marseille op"]
[Site "Marseille"]
[Date "2005.06.??"]
[Round "1"]
[White "Teboul, Rene"]
[Black "Rezki, Bernard"]
[Result "1-0"]
[WhiteElo "1770"]
[BlackElo "1994"]
[PlyCount "97"]
[EventDate "2005.06.??"]
[EventType "swiss"]
[EventRounds "9"]
[EventCountry "FRA"]
[SourceTitle "EXT 2006"]
[Source "ChessBase"]
[SourceDate "2005.11.24"]
[SourceVersion "1"]
[SourceVersionDate "2005.11.24"]
[SourceQuality "1"]

1. c4 Nf6 2. Nc3 e6 3. e4 Nc6 4. Nf3 d6 5. g3 Be7 6. Bg2 0-0 7. 0-0 e5 8. h3 Be6 9. b3 Qc8 10. Kh2 Nb4 11. d4 exd4 12. Nxd4 Bd7 13. a3 Nc6 14. Nf3 Re8 15. Re1 Ne5 16. Nd4 c5 17. Nf3 Rb8 18. Nxe5 dxe5 19. f4 Rd8 20. Qe2 Bd6 21. f5 a6 22. Bg5 Be7 23. Bxf6 Bxf6 24. Nd5 Qc6 25. Rad1 b5 26. Rd3 Kf8 27. Red1 Be7 28. Qd2 Qh6 29. Qxh6 gxh6 30. f6 Bd6 31. Ne3 Be6 32. Rxd6 Rdc8 33. Rxa6 bxc4 34. bxc4 Rb3 35. Rad6 Ke8 36. R6d3 Rcb8 37. Nd5 Bxd5 38. Rxd5 Rxa3 39. Rxe5+ Kf8 40. Rxc5 Re8 41. Rcd5 Ra2 42. R1d2 Ra4 43. c5 Rc4 44. e5 h5 45. Bf3 h4 46. gxh4 Rf4 47. Bg4 h5 48. Bxh5 Rxh4 49. Bg4 1-0

[Event "CFriend WC-2009-P-00010"]
[Site "Chessfriend.com"]
[Date "2005.02.28"]
[Round "1"]
[White "Ould Ahmed, Samy"]
[Black "Teboul, Rene"]
[Result "1-0"]
[WhiteElo "2196"]
[BlackElo "2244"]
[PlyCount "89"]
[EventDate "2005.??.??"]
[EventType "tourn (corr)"]
[EventRounds "6"]
[SourceTitle "Corr 2008"]
[Source "ChessBase"]
[SourceDate "2008.06.24"]
[SourceVersion "1"]
[SourceVersionDate "2008.06.24"]
[SourceQuality "1"]

1. e4 c5 2. Nf3 Nc6 3. d4 cxd4 4. Nxd4 Nf6 5. Nc3 e5 6. Ndb5 d6 7. Bg5 a6 8. Na3 b5 9. Bxf6 gxf6 10. Nd5 f5 11. Bd3 Be6 12. 0-0 Bg7 13. Qh5 f4 14. c4 bxc4 15. Bxc4 0-0 16. Rac1 Rb8 17. b3 Qa5 18. Bd3 Nb4 19. Nc4 Qd8 20. Nxb4 Rxb4 21. Rfd1 Rb7 22. g3 fxg3 23. hxg3 a5 24. Be2 Rc7 25. Rxd6 Qxd6 26. Nxd6 Rxc1+ 27. Kg2 Rc2 28. a4 Rd8 29. Nc4 h6 30. Qf3 Bf8 31. Ne3 Ra2 32. Bc4 Rdd2 33. Bxe6 fxe6 34. Nc4 Rxf2+ 35. Qxf2 Rxf2+ 36. Kxf2 Bb4 37. Nxe5 Kf8 38. Nc6 Bc3 39. g4 Ke8 40. Ke3 Kd7 41. Kd3 Be1 42. Ne5+ Kd6 43. Nf3 Bb4 44. Kc4 e5 45. Nh4 1-0

[Event "CFriend WC-2009-P-00010"]
[Site "Chessfriend.com"]
[Date "2005.02.28"]
[Round "1"]
[White "Sanchez Carol, Jesus"]
[Black "Teboul, Rene"]
[Result "0-1"]
[WhiteElo "1813"]
[BlackElo "2244"]
[PlyCount "48"]
[EventDate "2005.??.??"]
[EventType "tourn (corr)"]
[EventRounds "6"]
[SourceTitle "Corr 2008"]
[Source "ChessBase"]
[SourceDate "2008.06.24"]
[SourceVersion "1"]
[SourceVersionDate "2008.06.24"]
[SourceQuality "1"]

1. e4 c5 2. Nf3 Nc6 3. Nc3 Nf6 4. e5 Ng4 5. Bb5 Ngxe5 6. Nxe5 Nxe5 7. d4 cxd4 8. Qxd4 Nc6 9. Qd3 e6 10. Qg3 a6 11. Bxc6 bxc6 12. 0-0 d5 13. Be3 h5 14. Bd4 c5 15. Be5 h4 16. Qg4 h3 17. g3 Qd7 18. Rfd1 f6 19. Bf4 d4 20. Bc1 e5 21. Qxd7+ Bxd7 22. Ne4 c4 23. Re1 Rb8 24. f4 f5 0-1

[Event "IECC Swiss-476.3"]
[Site "IECC email"]
[Date "2005.01.20"]
[Round "?"]
[White "Teboul, Rene"]
[Black "Harper, Roy"]
[Result "1-0"]
[WhiteElo "2011"]
[BlackElo "1608"]
[PlyCount "44"]
[EventDate "2005.??.??"]
[EventType "swiss (corr)"]
[EventRounds "1"]
[SourceTitle "Corr 2020"]
[Source "ChessBase"]
[SourceDate "2019.09.30"]
[SourceVersion "1"]
[SourceVersionDate "2019.09.30"]
[SourceQuality "1"]
[WhiteTeam "France"]
[BlackTeam "United States"]
[WhiteTeamCountry "FRA"]
[BlackTeamCountry "USA"]

1. d4 d5 2. c4 dxc4 3. e4 b5 4. a4 c6 5. axb5 cxb5 6. Nc3 Bd7 7. d5 a5 8. Nf3 Qc7 9. e5 b4 10. Na4 Bg4 11. Bxc4 Qxc4 12. Nb6 Qe4+ 13. Be3 Ra7 14. Rc1 b3 15. e6 fxe6 16. Rc8+ Kf7 17. dxe6+ Kg6 18. Ne5+ Kf5 19. Nxg4 Qb4+ 20. Rc3 Nf6 21. Nxf6 exf6 22. Qd5+ Kg6 1-0

[Event "CFriend AT-2004-0-00251 email"]
[Site "Chessfriend.com"]
[Date "2004.12.05"]
[Round "1"]
[White "Teboul, Rene"]
[Black "Jeremejev, Artjom"]
[Result "1-0"]
[WhiteElo "2244"]
[BlackElo "1932"]
[PlyCount "45"]
[EventDate "2004.??.??"]
[EventType "tourn (corr)"]
[EventRounds "2"]
[SourceTitle "Corr 2024"]
[Source "ChessBase"]
[SourceDate "2023.10.19"]
[SourceVersion "1"]
[SourceVersionDate "2023.10.19"]
[SourceQuality "1"]

1. c4 f5 2. Nc3 Nf6 3. Nf3 d6 4. g3 e5 5. d3 c6 6. Bg2 Be7 7. 0-0 0-0 8. Rb1 Nbd7 9. b4 h6 10. Nh4 Nh7 11. Ng6 Rf7 12. b5 Nb8 13. bxc6 bxc6 14. c5 Bf6 15. cxd6 Qxd6 16. Nb5 Qe6 17. Ba3 Bd8 18. Nd6 Rf6 19. Qc2 Bd7 20. Nxe5 Qxe5 21. Qb3+ Kh8 22. Qb7 Rxd6 23. Qxa8 1-0

[Event "CFriend AT-2004-0-00161 email"]
[Site "Chessfriend.com"]
[Date "2004.10.22"]
[Round "1"]
[White "Teboul, Rene"]
[Black "Ventimiglia, Chuck"]
[Result "1-0"]
[WhiteElo "2244"]
[BlackElo "2142"]
[PlyCount "67"]
[EventDate "2004.??.??"]
[EventType "tourn (corr)"]
[EventRounds "2"]
[SourceTitle "Corr 2024"]
[Source "ChessBase"]
[SourceDate "2023.10.19"]
[SourceVersion "1"]
[SourceVersionDate "2023.10.19"]
[SourceQuality "1"]

1. d4 Nf6 2. c4 e6 3. Nc3 d5 4. Bf4 Be7 5. e3 0-0 6. Rc1 c5 7. dxc5 Bxc5 8. cxd5 exd5 9. Nf3 Nc6 10. Be2 Be6 11. 0-0 h6 12. Ne5 Bd6 13. Nxc6 bxc6 14. Bxd6 Qxd6 15. Na4 Rab8 16. b3 Bf5 17. Qd4 Ne4 18. f3 Ng5 19. Nc5 Ne6 20. Nxe6 Qxe6 21. Rc3 Rfe8 22. Rfc1 Rb6 23. a3 Qe7 24. b4 Qg5 25. Kf2 Re6 26. a4 Rg6 27. g3 Bd7 28. b5 Qh5 29. h4 cxb5 30. Rc7 Qf5 31. g4 Qe6 32. Bd3 bxa4 33. Bxg6 fxg6 34. Rxa7 1-0

[Event "CFriend AT-2004-0-00162 email"]
[Site "Chessfriend.com"]
[Date "2004.10.22"]
[Round "1"]
[White "Teboul, Rene"]
[Black "Ventimiglia, Chuck"]
[Result "1/2-1/2"]
[WhiteElo "2244"]
[BlackElo "2142"]
[PlyCount "53"]
[EventDate "2004.??.??"]
[EventType "tourn (corr)"]
[EventRounds "2"]
[SourceTitle "Corr 2024"]
[Source "ChessBase"]
[SourceDate "2023.10.19"]
[SourceVersion "1"]
[SourceVersionDate "2023.10.19"]
[SourceQuality "1"]

1. d4 d5 2. c4 c6 3. Nc3 Nf6 4. Bg5 e6 5. e3 Nbd7 6. Nf3 Qa5 7. Nd2 Bb4 8. Bxf6 Nxf6 9. Qc2 0-0 10. c5 e5 11. dxe5 Nd7 12. f4 Qxc5 13. Qd3 Qe7 14. a3 Bxc3 15. Qxc3 f6 16. Nf3 fxe5 17. fxe5 Re8 18. Bd3 Nxe5 19. Nxe5 Qxe5 20. Qxe5 Rxe5 21. Kd2 Bf5 22. Raf1 Bxd3 23. Kxd3 a5 24. Rf3 a4 25. Rhf1 Rae8 26. h4 Re4 27. g3 1/2-1/2

[Event "CFriend AT-2004-0-00161 email"]
[Site "Chessfriend.com"]
[Date "2004.10.22"]
[Round "1"]
[White "Ventimiglia, Chuck"]
[Black "Teboul, Rene"]
[Result "1-0"]
[WhiteElo "2142"]
[BlackElo "2244"]
[PlyCount "43"]
[EventDate "2004.??.??"]
[EventType "tourn (corr)"]
[EventRounds "2"]
[SourceTitle "Corr 2024"]
[Source "ChessBase"]
[SourceDate "2023.10.19"]
[SourceVersion "1"]
[SourceVersionDate "2023.10.19"]
[SourceQuality "1"]

1. e4 c5 2. Nf3 Nc6 3. d4 cxd4 4. Nxd4 Nf6 5. Nc3 e5 6. Ndb5 d6 7. Bg5 a6 8. Na3 b5 9. Bxf6 gxf6 10. Nd5 f5 11. c3 Bg7 12. exf5 Bxf5 13. Nc2 Be6 14. g3 0-0 15. Bg2 Rb8 16. 0-0 Qd7 17. a4 b4 18. Ncxb4 Nxb4 19. cxb4 Bxd5 20. Qxd5 Rxb4 21. b3 Rxb3 22. Qxb3 1-0

[Event "CFriend MZ-2004-3-00002 email"]
[Site "Chessfriend.com"]
[Date "2004.08.28"]
[Round "1"]
[White "Teboul, Rene"]
[Black "Cretu, Sorin"]
[Result "1-0"]
[WhiteElo "2244"]
[BlackElo "1910"]
[PlyCount "69"]
[EventDate "2004.??.??"]
[EventType "tourn (corr)"]
[EventRounds "6"]
[SourceTitle "Corr 2024"]
[Source "ChessBase"]
[SourceDate "2023.10.19"]
[SourceVersion "1"]
[SourceVersionDate "2023.10.19"]
[SourceQuality "1"]

1. d4 Nf6 2. c4 e6 3. Nc3 Bb4 4. f3 d5 5. a3 Bxc3+ 6. bxc3 c5 7. cxd5 Nxd5 8. dxc5 Qa5 9. e4 Ne7 10. Be3 0-0 11. Qb3 Qc7 12. Bb5 Nec6 13. Ne2 Na5 14. Qa4 e5 15. 0-0 Be6 16. Rab1 a6 17. Bd3 Nbc6 18. Ng3 Rad8 19. Be2 g6 20. Rb2 Rd7 21. f4 f5 22. exf5 gxf5 23. fxe5 Qxe5 24. Qf4 Qxc3 25. Rd2 Rxd2 26. Bxd2 Qxc5+ 27. Kh1 Nb3 28. Nh5 Qe5 29. Qg5+ Kf7 30. Bc4 Bxc4 31. Rxf5+ Ke6 32. Rxe5+ Nxe5 33. Bf4 Ng6 34. Qg4+ Ke7 35. Bg5+ 1-0

[Event "CFriend MZ-2004-3-00002 email"]
[Site "Chessfriend.com"]
[Date "2004.08.28"]
[Round "1"]
[White "Teboul, Rene"]
[Black "Petzold, Gunter"]
[Result "0-1"]
[WhiteElo "2244"]
[BlackElo "2270"]
[PlyCount "82"]
[EventDate "2004.??.??"]
[EventType "tourn (corr)"]
[EventRounds "6"]
[SourceTitle "Corr 2024"]
[Source "ChessBase"]
[SourceDate "2023.10.19"]
[SourceVersion "1"]
[SourceVersionDate "2023.10.19"]
[SourceQuality "1"]

1. d4 Nf6 2. c4 g6 3. Nc3 Bg7 4. e4 d6 5. Be2 0-0 6. Bg5 Nbd7 7. Qd2 e5 8. Nf3 exd4 9. Nxd4 Nc5 10. f3 h6 11. Be3 a5 12. Ndb5 Nfd7 13. 0-0-0 Kh7 14. h4 b6 15. g4 Bb7 16. g5 h5 17. Kb1 a4 18. Qc2 Re8 19. Bd4 Bxd4 20. Rxd4 Rf8 21. Rdd1 f5 22. gxf6 Rxf6 23. Nd5 Bxd5 24. exd5 Ne5 25. Rdg1 Qd7 26. Rg5 Kh8 27. Nd4 Qf7 28. Qc3 Rf4 29. Rhg1 Rg8 30. Nc6 Ncd7 31. R5g3 Kh7 32. Nd4 Nc5 33. Nb5 Rxh4 34. Ka1 Qf4 35. R3g2 Nxc4 36. Bxc4 Qxc4 37. Qe3 Qf4 38. Qc3 Qf7 39. Re2 Rf4 40. Re3 a3 41. Nxa3 Qxd5 0-1

[Event "CFriend AP-2004-Q-00012 email"]
[Site "Chessfriend.com"]
[Date "2004.05.17"]
[Round "?"]
[White "Jordan, Juergen"]
[Black "Teboul, Rene"]
[Result "1-0"]
[WhiteElo "2138"]
[BlackElo "2063"]
[PlyCount "33"]
[EventDate "2004.??.??"]
[EventType "tourn (corr)"]
[EventRounds "12"]
[SourceTitle "Corr 2008"]
[Source "ChessBase"]
[SourceDate "2008.06.24"]
[SourceVersion "1"]
[SourceVersionDate "2008.06.24"]
[SourceQuality "1"]

1. e4 c5 2. Nf3 Nc6 3. Bb5 e6 4. Bxc6 bxc6 5. d3 Qc7 6. 0-0 Ne7 7. Ng5 f6 8. Nh3 Ng6 9. f4 d5 10. Qh5 Bd6 11. f5 exf5 12. exf5 Bxh2+ 13. Kh1 Qe5 14. Rf2 Bxf5 15. Qxf5 Qe1+ 16. Kxh2 Qxc1 17. Qe6+ 1-0

[Event "CFriend AP-2004-Q-00012 email"]
[Site "Chessfriend.com"]
[Date "2004.05.17"]
[Round "?"]
[White "Teboul, Rene"]
[Black "Billaudelle, Frank"]
[Result "1/2-1/2"]
[WhiteElo "2077"]
[BlackElo "2173"]
[PlyCount "53"]
[EventDate "2004.??.??"]
[EventType "tourn (corr)"]
[EventRounds "12"]
[SourceTitle "Corr 2008"]
[Source "ChessBase"]
[SourceDate "2008.06.24"]
[SourceVersion "1"]
[SourceVersionDate "2008.06.24"]
[SourceQuality "1"]

1. d4 d5 2. c4 c6 3. Nc3 Nf6 4. Nf3 dxc4 5. a4 Bf5 6. Ne5 Nbd7 7. Nxc4 Nb6 8. Ne5 a5 9. g3 e6 10. Bg2 Bb4 11. 0-0 0-0 12. Bg5 h6 13. Bxf6 Qxf6 14. e3 Qe7 15. Na2 Rad8 16. Qb3 f6 17. Nf3 Nd5 18. Nh4 Bh7 19. e4 Nc7 20. Rad1 Rf7 21. Nc3 Qe8 22. d5 exd5 23. exd5 g5 24. dxc6 Rxd1 25. Rxd1 bxc6 26. Nf3 Qe6 27. Rd8+ 1/2-1/2

[Event "CFriend SH-2004-0-00020 email"]
[Site "Chessfriend.com"]
[Date "2004.05.08"]
[Round "?"]
[White "Teboul, Rene"]
[Black "Malmstroem, Jan"]
[Result "1-0"]
[WhiteElo "2105"]
[BlackElo "1848"]
[PlyCount "27"]
[EventDate "2004.05.08"]
[EventType "tourn (corr)"]
[EventRounds "9"]
[SourceTitle "Corr 2008"]
[Source "ChessBase"]
[SourceDate "2008.06.24"]
[SourceVersion "1"]
[SourceVersionDate "2008.06.24"]
[SourceQuality "1"]

1. d4 Nf6 2. c4 g6 3. Nc3 d5 4. cxd5 Nxd5 5. e4 Nxc3 6. bxc3 Bg7 7. Nf3 0-0 8. Be2 c5 9. Rb1 Nc6 10. d5 Bxc3+ 11. Bd2 Bxd2+ 12. Qxd2 Nb8 13. h4 h5 14. Qh6 1-0

[Event "IECG QA.2004.0.00051"]
[Site "IECG email"]
[Date "2004.04.16"]
[Round "?"]
[White "Teboul, Rene"]
[Black "Marques, Antonio Carlos G"]
[Result "1/2-1/2"]
[WhiteElo "2087"]
[BlackElo "2167"]
[PlyCount "71"]
[EventDate "2004.04.16"]
[EventType "tourn (corr)"]
[EventRounds "6"]
[SourceTitle "Corr 2008"]
[Source "ChessBase"]
[SourceDate "2008.06.24"]
[SourceVersion "1"]
[SourceVersionDate "2008.06.24"]
[SourceQuality "1"]

1. d4 d6 2. c4 f5 3. g3 Nf6 4. Nc3 g6 5. Bg2 Bg7 6. Nf3 0-0 7. 0-0 c6 8. d5 e5 9. dxe6 Bxe6 10. b3 Na6 11. Bb2 Qe7 12. Ng5 Nc5 13. Nxe6 Nxe6 14. Qc2 f4 15. Rad1 Rad8 16. Bc1 fxg3 17. hxg3 Ng4 18. f3 Nd4 19. Qd2 Ne5 20. f4 Ng4 21. e4 d5 22. cxd5 Nf5 23. exf5 Qc5+ 24. Kh1 Bxc3 25. Qe2 gxf5 26. Qc4 Qxc4 27. bxc4 Rfe8 28. Bf3 cxd5 29. cxd5 Rd6 30. Rd3 Ba5 31. Bxg4 fxg4 32. Be3 Kf7 33. Kg2 Bb6 34. Bxb6 Rxb6 35. Rd2 Rd6 36. Rfd1 1/2-1/2

[Event "IECG TG.2004.0.15144"]
[Site "IECG email"]
[Date "2004.04.11"]
[Round "1"]
[White "Vicoli, Giordano"]
[Black "Teboul, Rene"]
[Result "0-1"]
[WhiteElo "2105"]
[BlackElo "2087"]
[PlyCount "108"]
[EventDate "2004.04.11"]
[EventType "match (corr)"]
[EventRounds "2"]
[SourceTitle "Corr 2008"]
[Source "ChessBase"]
[SourceDate "2008.06.24"]
[SourceVersion "1"]
[SourceVersionDate "2008.06.24"]
[SourceQuality "1"]

1. d4 Nf6 2. Nf3 g6 3. Bg5 Bg7 4. Nbd2 d5 5. e3 0-0 6. Bd3 Nbd7 7. 0-0 c5 8. c3 h6 9. Bh4 b6 10. b4 Bb7 11. Qe2 cxb4 12. cxb4 g5 13. Bg3 Ne4 14. Rac1 Rc8 15. Nb3 Nxg3 16. hxg3 Rxc1 17. Rxc1 Qb8 18. b5 Rc8 19. Rc2 Rxc2 20. Bxc2 Qc7 21. Qd3 Nf6 22. Ne5 Ne4 23. f3 f6 24. fxe4 fxe5 25. exd5 Bxd5 26. Qg6 Kf8 27. Be4 Bf7 28. Qc6 Qxc6 29. bxc6 Ke8 30. d5 Kd8 31. g4 Bf8 32. Bf3 e6 33. e4 Bg6 34. Kf2 exd5 35. exd5 Bb1 36. a4 Bc2 37. Nd2 Bxa4 38. Ke3 b5 39. Ke4 Bb4 40. Nf1 Bd6 41. Kf5 Ke7 42. Be4 a5 43. Kg6 Bc7 44. Ne3 Kd6 45. Kf7 Bb3 46. Ke8 Bxd5 47. Nxd5 Kxc6 48. Ke7 a4 49. Ke6 Bb8 50. Nb4+ Kc5 51. Na6+ Kd4 52. Bd5 e4 53. Nxb8 e3 54. Nc6+ Kc3 0-1

[Event "CFriend RH-2004-0-00011 email"]
[Site "Chessfriend.com"]
[Date "2004.01.10"]
[Round "?"]
[White "Teboul, Rene"]
[Black "Dominguez, Carlos Isaias"]
[Result "1/2-1/2"]
[WhiteElo "2062"]
[BlackElo "2239"]
[PlyCount "59"]
[EventDate "2004.01.10"]
[EventType "tourn (corr)"]
[EventRounds "6"]
[SourceTitle "Corr 2008"]
[Source "ChessBase"]
[SourceDate "2008.06.24"]
[SourceVersion "1"]
[SourceVersionDate "2008.06.24"]
[SourceQuality "1"]

1. d4 Nf6 2. c4 e6 3. Nc3 Bb4 4. Qc2 0-0 5. a3 Bxc3+ 6. Qxc3 b6 7. g3 Bb7 8. Nf3 d5 9. Bg2 Nbd7 10. 0-0 c5 11. dxc5 Nxc5 12. cxd5 Bxd5 13. b4 Nfe4 14. Qe3 Na4 15. Ne5 Nec3 16. f3 f6 17. Bd2 Nb5 18. Nd3 e5 19. Bh3 Nd4 20. Rac1 b5 21. f4 Qb6 22. Nc5 Nxc5 23. Rxc5 Bc4 24. fxe5 fxe5 25. Rxf8+ Rxf8 26. Rxe5 Nxe2+ 27. Kh1 Qc6+ 28. Qe4 Qf6 29. Qe3 Qc6+ 30. Qe4 1/2-1/2

[Event "IECG CA.2003.0.00112 email"]
[Site "IECG email"]
[Date "2003.12.17"]
[Round "1"]
[White "Teboul, Rene"]
[Black "Hoogervorst, Paul"]
[Result "1/2-1/2"]
[WhiteElo "2062"]
[BlackElo "2171"]
[PlyCount "75"]
[EventDate "2003.12.17"]
[EventType "tourn (corr)"]
[EventRounds "6"]
[SourceTitle "Corr 2008"]
[Source "ChessBase"]
[SourceDate "2008.06.24"]
[SourceVersion "1"]
[SourceVersionDate "2008.06.24"]
[SourceQuality "1"]

1. d4 Nf6 2. c4 c5 3. d5 e6 4. Nc3 exd5 5. cxd5 d6 6. e4 g6 7. f4 Bg7 8. Bb5+ Nfd7 9. a4 0-0 10. Nf3 Na6 11. 0-0 Nc7 12. Bd3 a6 13. Be3 f5 14. exf5 gxf5 15. Re1 Rb8 16. Bf2 Nf6 17. Bh4 b5 18. axb5 axb5 19. Ne5 dxe5 20. fxe5 c4 21. d6 cxd3 22. dxc7 Qxc7 23. exf6 Bxf6 24. Bxf6 Qb6+ 25. Kh1 Qxf6 26. Qxd3 Bb7 27. Nd5 Qxb2 28. Rab1 Qg7 29. Re7 Rf7 30. Rxf7 Kxf7 31. Qxf5+ Kg8 32. Rxb5 Rf8 33. Qe6+ Kh8 34. h3 Rg8 35. Qe4 Bc6 36. Rc5 Bb7 37. Rc2 Rd8 38. Rd2 1/2-1/2

[Event "IECG CA.2003.0.00112 email"]
[Site "IECG email"]
[Date "2003.12.17"]
[Round "1"]
[White "Teboul, Rene"]
[Black "Reppert, Victor E"]
[Result "1-0"]
[WhiteElo "2062"]
[BlackElo "2000"]
[PlyCount "69"]
[EventDate "2003.12.17"]
[EventType "tourn (corr)"]
[EventRounds "6"]
[SourceTitle "Corr 2008"]
[Source "ChessBase"]
[SourceDate "2008.06.24"]
[SourceVersion "1"]
[SourceVersionDate "2008.06.24"]
[SourceQuality "1"]

1. d4 Nf6 2. c4 c5 3. d5 b5 4. Nf3 g6 5. Qc2 Bg7 6. e4 d6 7. cxb5 a6 8. Nc3 Bg4 9. Be2 Bxf3 10. Bxf3 Qa5 11. bxa6 Nxa6 12. 0-0 0-0 13. Bf4 Rfb8 14. e5 Ne8 15. e6 fxe6 16. dxe6 Ra7 17. Bd2 Nb4 18. Qe4 Nf6 19. Qb1 c4 20. b3 Nd3 21. Qc2 Ne5 22. bxc4 Nxf3+ 23. gxf3 Rc8 24. Qd3 Qh5 25. Rab1 Ne8 26. Nd5 Be5 27. f4 Bf6 28. h3 Rca8 29. Rb5 Qh4 30. Rfb1 Rxa2 31. Rb8 Kg7 32. Rxa8 Rxa8 33. Rb7 Kf8 34. Bc3 Ra2 35. Bd4 1-0